[Event "Tournoi francophone 014 Groupe E"]
[Site "Skype"]
[Date "????.??.??"]
[Round "7.4"]
[White "Dhenain, Sebastien"]
[Black "Rodriguez, Nathalie"]
[Result "1/2-1/2"]
[WhiteElo "1086"]
[BlackElo "1266"]
[PlyCount "108"]

1. e4 e5 2. Nf3 Nc6 3. d4 exd4 4. Nxd4 Nf6 5. Nc3 a6 6. Nxc6 dxc6 7. Qxd8+ Kxd8
8. Bg5 Be7 9. e5 Nd5 10. Bxe7+ Kxe7 11. Nxd5+ cxd5 12. c4 c6 13. cxd5 cxd5 14.
Bd3 g6 15. O-O Bd7 16. Rfc1 Rac8 17. Re1 Rc6 18. h3 Rhc8 19. b3 b5 20. a4 Rc3
21. Bf1 Rxb3 22. axb5 Bxb5 23. Bxb5 axb5 24. Ra7+ Ke6 25. f4 Rbc3 26. Ra6+ R3c6
27. Rxc6+ Rxc6 28. Rb1 Rb6 29. Kf2 Kd7 30. Kf3 Kc6 31. Rc1+ Kb7 32. Rd1 b4 33.
Rxd5 b3 34. Rd1 b2 35. Rb1 Ka6 36. Ke4 Rb5 37. Kd3 Rb4 38. g3 Rb3+ 39. Ke4 Ka5
40. g4 Ka4 41. f5 Ka3 42. e6 Ka2 43. Rxb2+ Kxb2 44. e7 Rb8 45. f6 Kc3 46. Kd5
Kd3 47. Kd6 Ke4 48. Kd7 Ke5 49. e8=Q+ Rxe8 50. Kxe8 Kxf6 51. h4 h6 52. Kf8 h5
53. g5+ Ke6 54. Kg7 Ke7 1/2-1/2

[Event "Tournoi francophone 014 Groupe E"]
[Site "Skype"]
[Date "????.??.??"]
[Round "7.5"]
[White "Vello, Pablo"]
[Black "Ramirez, Luis Antonio"]
[Result "1-0"]
[WhiteElo "1135"]
[BlackElo "1075"]
[PlyCount "57"]

1. d4 d5 2. Nc3 c6 3. e4 e6 4. exd5 cxd5 5. Bf4 a6 6. Qf3 Nf6 7. O-O-O Be7 8.
h4 h5 9. Nge2 Nc6 10. Qg3 g6 11. Bc7 Qd7 12. Na4 Ne4 13. Nb6 Qxc7 14. Qxc7 O-O
15. Qh2 Bd8 16. Na4 Nb4 17. Nac3 Nxf2 18. Nf4 Nxd1 19. Kxd1 Bd7 20. Qg3 Bc7 21.
Be2 Rac8 22. Bxh5 Bxf4 23. Qxf4 gxh5 24. Qg5+ Kh8 25. Qxh5+ Kg7 26. Rh3 Rh8 27.
Qe5+ Kh7 28. Rg3 Rcf8 29. Qh5# 1-0

[Event "Tournoi francophone 014 Groupe E"]
[Site "Skype"]
[Date "????.??.??"]
[Round "8.1"]
[White "Ruiz Aguilera, Juan Jesus"]
[Black "Ramirez, Luis Antonio"]
[Result "0-1"]
[WhiteElo "1083"]
[BlackElo "1075"]
[PlyCount "76"]

1. e4 e5 2. Nf3 Nc6 3. Bc4 Qf6 4. c3 h6 5. d4 Bd6 6. Bg5 hxg5 7. d5 Nce7 8.
Nbd2 Qg6 9. O-O g4 10. Nh4 Rxh4 11. Be2 Nf6 12. f3 g3 13. hxg3 Qxg3 14. Qe1 Qg5
15. g3 Rh3 16. Kg2 Qh6 17. Rh1 Rxh1 18. Qxh1 Qxd2 19. Qh8+ Neg8 20. Kf2 Bc5+
21. Kf1 Qe3 22. Qh2 Qd2 23. Rb1 Qh6 24. Qg2 d6 25. b4 Bh3 26. bxc5 Bxg2+ 27.
Kxg2 O-O-O 28. cxd6 Rxd6 29. Rd1 Nd7 30. Bb5 Nb6 31. c4 a6 32. c5 Rg6 33. d6
cxd6 34. cxd6 Rxd6 35. Rc1+ Kb8 36. Rc5 Rd2+ 37. Kg1 axb5 38. Rxe5 Qh2+ 0-1

[Event "Tournoi francophone 014 Groupe E"]
[Site "Skype"]
[Date "????.??.??"]
[Round "8.2"]
[White "Rodriguez, Nathalie"]
[Black "Vello, Pablo"]
[Result "0-1"]
[WhiteElo "1266"]
[BlackElo "1135"]
[PlyCount "50"]

1. c4 e5 2. d4 exd4 3. Qxd4 Nc6 4. Qd1 Nf6 5. Nd2 d5 6. cxd5 Qxd5 7. e4 Nxe4 8.
Nxe4 Qxe4+ 9. Ne2 Bf5 10. f3 Qc2 11. Qxc2 Bxc2 12. Nc3 O-O-O 13. Bc4 Ne5 14.
Bb3 Nd3+ 15. Kd2 Bxb3 16. axb3 Nf2+ 17. Ke2 Nxh1 18. Rxa7 Kb8 19. Be3 Bb4 20.
Ra1 Ng3+ 21. Kf2 Nf5 22. Bf4 Bc5+ 23. Ke2 Rhe8+ 24. Kf1 Nd4 25. Kf2 Nxb3+ 0-1

[Event "Tournoi francophone 014 Groupe E"]
[Site "Skype"]
[Date "????.??.??"]
[Round "8.3"]
[White "Guillaume, Mickael"]
[Black "Dhenain, Sebastien"]
[Result "1-0"]
[WhiteElo "1106"]
[BlackElo "1086"]
[PlyCount "61"]

1. e4 e5 2. Nf3 Nc6 3. d4 exd4 4. Bc4 Nf6 5. e5 Qe7 6. Bf4 Qb4+ 7. Nbd2 Ne4 8.
a3 Qc5 9. Bxf7+ Kxf7 10. Nxe4 Qa5+ 11. c3 dxc3 12. Qb3+ Ke8 13. Nxc3 Bb4 14.
O-O Bxc3 15. Qxc3 Qxc3 16. bxc3 h6 17. Rad1 b6 18. Bc1 Ba6 19. Rfe1 Bb7 20. Nd4
Nxd4 21. cxd4 Rg8 22. d5 c6 23. d6 c5 24. Re3 g5 25. e6 Kd8 26. exd7 Kxd7 27.
Re7+ Kd8 28. Rxb7 Kc8 29. Rh7 Rb8 30. d7+ Kc7 31. d8=Q+ 1-0

[Event "Tournoi francophone 014 Groupe E"]
[Site "Skype"]
[Date "????.??.??"]
[Round "8.4"]
[White "Hargez, Dany"]
[Black "Busto, Ricardo"]
[Result "0-1"]
[WhiteElo "1296"]
[BlackElo "1210"]
[PlyCount "94"]

1. e4 c5 2. Nf3 d6 3. d4 cxd4 4. Nxd4 Nf6 5. Nd2 a6 6. N2f3 Nc6 7. Nxc6 bxc6 8.
e5 Ng4 9. Be2 Nxe5 10. O-O Nxf3+ 11. Bxf3 d5 12. Be3 e6 13. Re1 Be7 14. Qd4 O-O
15. Qg4 e5 16. Qh5 Bf6 17. Bg4 g6 18. Qh3 Bxg4 19. Qxg4 Re8 20. g3 Rb8 21. b3
Qe7 22. h4 Qe6 23. Qf3 e4 24. Qg2 Bxa1 25. Rxa1 Rbc8 26. c3 Qe5 27. Bd4 Qe6 28.
Re1 Qf5 29. Re3 c5 30. g4 Qe6 31. Bf6 Qxf6 32. g5 Qf4 33. h5 Re5 34. Rg3 e3 35.
fxe3 Rxe3 36. Rxe3 Qxe3+ 37. Kh2 Qf4+ 38. Kh3 Qe3+ 39. Kh4 Re8 40. Qg3 Qxg3+
41. Kxg3 gxh5 42. Kh4 Kg7 43. Kxh5 Re3 44. c4 d4 45. Kg4 d3 46. Kf4 Re1 47. Kf3
d2 0-1

[Event "Tournoi francophone 014 Groupe E"]
[Site "Skype"]
[Date "????.??.??"]
[Round "8.5"]
[White "Maccaferri, Massimo"]
[Black "Cengiz, Ali Ekber"]
[Result "0-1"]
[WhiteElo "1074"]
[BlackElo "1098"]
[PlyCount "84"]

1. e4 e5 2. Bc4 Nf6 3. d3 Nc6 4. g4 h6 5. h4 d6 6. g5 Ng8 7. Qf3 Qe7 8. gxh6
Nxh6 9. Bg5 f6 10. Qh5+ Kd8 11. Bxh6 Rxh6 12. Qf3 Nd4 13. Qd1 g5 14. h5 g4 15.
Qd2 Qg7 16. c3 Nf3+ 17. Nxf3 gxf3 18. Na3 c6 19. O-O-O b5 20. Rdg1 Qh8 21. Rg8
bxc4 22. Rxh8 Rxh8 23. dxc4 Bh6 24. Qxh6 Rxh6 25. Nc2 Be6 26. Ne3 Kc7 27. b4
Rah8 28. Rg1 R8h7 29. c5 Rxh5 30. cxd6+ Kxd6 31. Rd1+ Kc7 32. Nd5+ cxd5 33.
exd5 Bg8 34. d6+ Kd7 35. Rd3 e4 36. Re3 f5 37. a4 Rh1+ 38. Kb2 R7h2 39. c4 Bxc4
40. Rc3 Rxf2+ 41. Rc2 Rxc2+ 42. Kxc2 f2 0-1

[Event "Tournoi francophone 014 Groupe E"]
[Site "Skype"]
[Date "????.??.??"]
[Round "9.1"]
[White "Cengiz, Ali Ekber"]
[Black "Ruiz Aguilera, Juan Jesus"]
[Result "1-0"]
[WhiteElo "1098"]
[BlackElo "1083"]
[PlyCount "91"]

1. e4 e5 2. Nf3 d6 3. Bc4 Be6 4. Bb5+ Nd7 5. Nc3 c6 6. Be2 Ngf6 7. d4 h6 8. d5
cxd5 9. exd5 Bg4 10. h3 Bxf3 11. Bxf3 Be7 12. Qd3 Qa5 13. Be3 e4 14. Bxe4 Ne5
15. Qb5+ Qxb5 16. Nxb5 O-O 17. Bf3 Nxf3+ 18. gxf3 Nxd5 19. Bd2 a6 20. Nd4 Bf6
21. Nf5 Bxb2 22. Rb1 Ba3 23. Rg1 g6 24. Nxh6+ Kh7 25. Rxb7 Rab8 26. Rxb8 Rxb8
27. Ke2 Re8+ 28. Kd1 Rb8 29. Rg4 Rb1+ 30. Ke2 Bc1 31. Nxf7 Bxd2 32. Kxd2 Nf6
33. Rh4+ Kg7 34. Nxd6 Ra1 35. Ra4 Rh1 36. Rxa6 Rxh3 37. Ra7+ Kf8 38. Rf7+ Kg8
39. Rxf6 Kg7 40. Ne4 Rh4 41. Ke3 Rh8 42. c4 Ra8 43. c5 Rxa2 44. c6 Ra7 45. Rd6
Rc7 46. Rd7+ 1-0

[Event "Tournoi francophone 014 Groupe E"]
[Site "Skype"]
[Date "????.??.??"]
[Round "9.2"]
[White "Busto, Ricardo"]
[Black "Maccaferri, Massimo"]
[Result "1/2-1/2"]
[WhiteElo "1210"]
[BlackElo "1074"]
[PlyCount "49"]

1. d4 e5 2. dxe5 Nc6 3. Nf3 Qe7 4. Nbd2 Nxe5 5. Nxe5 Qxe5 6. Nf3 Qf6 7. Qd4 Qg6
8. Qd3 f5 9. Ne5 Qf6 10. Bf4 d6 11. Nf3 b6 12. c3 a5 13. Bg5 Qe6 14. Qe3 h6 15.
Qxe6+ Bxe6 16. Bf4 O-O-O 17. e3 g5 18. Ba6+ Kb8 19. Bg3 Bd5 20. Be2 g4 21. Nd4
Bxg2 22. Rg1 Be4 23. f3 gxf3 24. Bxf3 Bxf3 25. Nxf3 1/2-1/2

[Event "Tournoi francophone 014 Groupe E"]
[Site "Skype"]
[Date "????.??.??"]
[Round "9.3"]
[White "Dhenain, Sebastien"]
[Black "Hargez, Dany"]
[Result "1-0"]
[WhiteElo "1086"]
[BlackElo "1296"]
[PlyCount "25"]

1. e4 e5 2. Nf3 d6 3. c3 Nf6 4. d4 Nxe4 5. dxe5 Bg4 6. Bb5+ c6 7. Be2 Be7 8.
O-O Bxf3 9. Bxf3 Ng5 10. exd6 Bxd6 11. Re1+ Ne6 12. Bg4 f6 13. Rxe6+ 1-0

[Event "Tournoi francophone 014 Groupe E"]
[Site "Skype"]
[Date "????.??.??"]
[Round "9.4"]
[White "Vello, Pablo"]
[Black "Guillaume, Mickael"]
[Result "1-0"]
[WhiteElo "1135"]
[BlackElo "1106"]
[PlyCount "65"]

1. d4 e6 2. Nc3 Bb4 3. e4 d6 4. Nge2 Nf6 5. f3 c5 6. a3 Bxc3+ 7. Nxc3 O-O 8.
Be3 Nbd7 9. Nb5 Qb6 10. Be2 a6 11. Nc3 Qxb2 12. Na4 Qxa1 13. Qxa1 b5 14. Nc3
cxd4 15. Bxd4 e5 16. Be3 Bb7 17. O-O Rac8 18. Rd1 Rc6 19. g4 Rfc8 20. Bd2 Rc5
21. Bd3 h6 22. Ne2 R8c7 23. Bb4 R5c6 24. Ng3 g6 25. h4 Rc8 26. Qc1 Kh7 27. h5
Ba8 28. Kf2 Kg7 29. g5 Ng8 30. Rh1 Nc5 31. Bxc5 dxc5 32. hxg6 Rxg6 33. Nf5+ 1-0

[Event "Tournoi francophone 014 Groupe E"]
[Site "Skype"]
[Date "????.??.??"]
[Round "9.5"]
[White "Ramirez, Luis Antonio"]
[Black "Rodriguez, Nathalie"]
[Result "0-1"]
[WhiteElo "1075"]
[BlackElo "1266"]
[PlyCount "74"]

1. e4 d5 2. Nf3 dxe4 3. Ng5 f6 4. Nxe4 e5 5. d3 c5 6. Be2 Nc6 7. O-O Nd4 8. Re1
Nxe2+ 9. Rxe2 Bf5 10. Ng3 Bg6 11. Nc3 Ne7 12. Be3 Nf5 13. Nxf5 Bxf5 14. h3 Be7
15. g4 Bg6 16. f3 Qb6 17. b3 O-O 18. Nd5 Qd6 19. c4 f5 20. Nxe7+ Qxe7 21. g5 f4
22. Bd2 Qxg5+ 23. Rg2 Qh4 24. Be1 Qxh3 25. Rh2 Qe6 26. Qe2 Rad8 27. Rd1 Rf5 28.
Rh4 Rg5+ 29. Rg4 Qf6 30. Bh4 Rxg4+ 31. fxg4 Qxh4 32. Qg2 Qe7 33. Qh3 Qd6 34.
Rd2 Qd4+ 35. Rf2 Bxd3 36. Qf3 Be4 37. Qe2 f3 0-1